Solid state physics (Record no. 15604)

000 -LEADER
fixed length control field 00669nam a22002294a 4500
001 - CONTROL NUMBER
control field 15604
003 - CONTROL NUMBER IDENTIFIER
control field BD-DhUET
008 - FIXED-LENGTH DATA ELEMENTS--GENERAL INFORMATION
fixed length control field 990527s2000 cau b 001 0 eng
040 ## - CATALOGING SOURCE
Original cataloging agency DLC
Transcribing agency DLC
Modifying agency BD-DhUET
082 ## - DEWEY DECIMAL CLASSIFICATION NUMBER
Classification number 539.204
Item number SOL/1963
100 ## - MAIN ENTRY--PERSONAL NAME
Personal name Seitz, Frederick
245 10 - TITLE STATEMENT
Title Solid state physics
Statement of responsibility, etc. advances in research and application
250 ## - EDITION STATEMENT
Edition statement 1st ed.
260 ## - PUBLICATION, DISTRIBUTION, ETC. (IMPRINT)
Place of publication, distribution, etc. New York
Name of publisher, distributor, etc. Academic Press
Date of publication, distribution, etc. 1963
300 ## - PHYSICAL DESCRIPTION
Extent xiii, 727 p.
Other physical details ill.
Dimensions 26 cm.
500 ## - GENERAL NOTE
General note Volume- 14
504 ## - BIBLIOGRAPHY, ETC. NOTE
Bibliography, etc Includes bibliographies
650 #0 - SUBJECT ADDED ENTRY--TOPICAL TERM
Topical term or geographic name as entry element Solid state physics
700 ## - ADDED ENTRY--PERSONAL NAME
Personal name Turnbull, David
856 42 - ELECTRONIC LOCATION AND ACCESS
Uniform Resource Identifier http://www.loc.gov/catdir/description/els033/99064032.html
942 ## - ADDED ENTRY ELEMENTS (KOHA)
Koha item type Edited Book
Holdings
Shelving location Koha full call number Lost status Copy number Location (home branch) Sublocation or collection (holding branch) Koha date last seen Koha item type Price effective from Date acquired Withdrawn status Damaged status Not for loan Koha normalized classification for sorting Source of classification or shelving scheme Piece designation (barcode)
Circulation section539.204/SOL/1963 1Central Library, BUETCentral Library, BUET2015-03-14Edited Book2015-03-142015-03-14   539_204000000000000_SOL_1963 4733